[Event "Oslo op"]
[Site "Oslo"]
[Date "2018.10.01"]
[Round "2"]
[White "Mella, Aage"]
[Black "Eiding, Amanda Mai Irgens"]
[Result "1-0"]
[WhiteElo "1720"]
[BlackElo "1409"]
[PlyCount "105"]
[EventDate "2018.09.30"]
[EventType "swiss"]
[EventRounds "10"]
[EventCountry "NOR"]
[SourceTitle "EXT 2020"]
[Source "ChessBase"]
[SourceDate "2019.10.17"]
[SourceVersion "1"]
[SourceVersionDate "2019.10.17"]
[SourceQuality "1"]

1. c4 e5 2. e3 Nf6 3. a3 d5 4. cxd5 Nxd5 5. b4 Bd6 6. Bb2 0-0 7. Nc3 Nxc3 8. Bxc3 b6 9. d4 Nd7 10. Nf3 exd4 11. Qxd4 Qf6 12. Bb5 Qxd4 13. Bxd4 Nf6 14. Bc6 Rb8 15. 0-0 Bb7 16. Bxb7 Rxb7 17. Bxf6 gxf6 18. Rac1 c5 19. Rfd1 Be7 20. b5 Rd8 21. Rxd8+ Bxd8 22. Kf1 Be7 23. Nd2 Kf8 24. Ke2 Rd7 25. Nc4 Ke8 26. a4 Bd8 27. h3 a6 28. Rd1 Rxd1 29. Kxd1 axb5 30. axb5 Kd7 31. g4 Ke6 32. e4 Bc7 33. Ke2 Ke7 34. Ke3 Kf8 35. f4 Kg7 36. Kf3 Kg6 37. Ne3 h6 38. h4 Bd8 39. h5+ Kg7 40. Nf5+ Kh7 41. Nd6 Kg7 42. Ke3 Kg8 43. e5 fxe5 44. fxe5 Bc7 45. Ke4 f6 46. Nf5 Bxe5 47. Nxh6+ Kh7 48. Nf5 Bc7 49. Kd5 Bd8 50. Kc6 c4 51. Kd7 c3 52. Ne3 c2 53. Nxc2 1-0

[Event "Ski Follosjakken Grand Prix 2 A"]
[Site "Ski"]
[Date "2018.05.19"]
[Round "1"]
[White "Gonzalez, Francisco Silva"]
[Black "Mella, Aage"]
[Result "1-0"]
[WhiteElo "2074"]
[BlackElo "1606"]
[PlyCount "73"]
[EventDate "2018.05.19"]
[EventType "swiss (rapid)"]
[EventRounds "6"]
[EventCountry "NOR"]
[SourceTitle "EXT 2024"]
[Source "ChessBase"]
[SourceDate "2023.10.10"]
[SourceVersion "1"]
[SourceVersionDate "2023.10.10"]
[SourceQuality "1"]

1. d4 Nf6 2. c4 e6 3. Nc3 Bb4 4. Qc2 c5 5. dxc5 Bxc5 6. Nf3 Nc6 7. Bg5 h6 8. Bh4 Nd4 9. Nxd4 Bxd4 10. e3 Be5 11. Be2 Qa5 12. 0-0 Bxc3 13. bxc3 0-0 14. Rab1 Rd8 15. Rb5 Qc7 16. Bg3 d6 17. c5 e5 18. cxd6 Qxd6 19. Rd1 Qe7 20. Bxe5 Rxd1+ 21. Qxd1 Bd7 22. Bxf6 gxf6 23. Rxb7 Rd8 24. Bg4 f5 25. Bf3 Qe8 26. Rb4 Bc6 27. Rd4 Rxd4 28. cxd4 Ba4 29. Qb1 Qc8 30. g3 Bc2 31. Qc1 Qc4 32. Bd5 Qd3 33. h4 Kg7 34. Bf3 f4 35. d5 fxg3 36. fxg3 Qg6 37. Kf2 1-0

[Event "NOR-ch Seniors-A"]
[Site "Stavanger"]
[Date "2017.07.08"]
[Round "9"]
[White "Melkeraaen, Terje"]
[Black "Mella, Aage"]
[Result "1-0"]
[WhiteElo "1974"]
[BlackElo "1708"]
[PlyCount "105"]
[EventDate "2017.07.01"]
[EventType "swiss"]
[EventRounds "9"]
[EventCountry "NOR"]
[SourceTitle "EXT 2018"]
[Source "ChessBase"]
[SourceDate "2017.10.13"]
[SourceVersion "1"]
[SourceVersionDate "2017.10.13"]
[SourceQuality "1"]

1. d4 d5 2. c4 c6 3. Nc3 Nf6 4. Bf4 Na6 5. e3 e6 6. Nf3 Ne4 7. Bd3 Bb4 8. Bxe4 dxe4 9. Ng5 0-0 10. Ngxe4 f5 11. Ng5 Nc7 12. 0-0 Be7 13. Qh5 Bxg5 14. Bxg5 Qe8 15. Qxe8 Nxe8 16. Bf4 Bd7 17. Be5 Nf6 18. f3 Kf7 19. a4 g5 20. g3 Kg6 21. a5 h5 22. Na4 g4 23. Bxf6 Kxf6 24. Nc5 Bc8 25. f4 Rd8 26. Nd3 Bd7 27. Kf2 b5 28. axb6 axb6 29. Ne5 Be8 30. b4 c5 31. Rxa8 Rxa8 32. dxc5 Ra2+ 33. Kg1 bxc5 34. bxc5 Ra5 35. c6 Ke7 36. Rb1 Kd6 37. Rb6 Kc7 38. Rb7+ Kc8 39. Re7 Ra1+ 40. Kf2 Ra2+ 41. Ke1 Bxc6 42. Nxc6 Rxh2 43. Rh7 Rh1+ 44. Ke2 Rh2+ 45. Kd3 Rh3 46. Ne5 Rxg3 47. Rxh5 Kc7 48. c5 Rg2 49. Rh7+ Kc8 50. Rg7 Ra2 51. c6 Ra3+ 52. Kd4 Ra4+ 53. Nc4 1-0

[Event "Fagernes TV2 Elo op"]
[Site "Fagernes"]
[Date "2017.04.11"]
[Round "4"]
[White "Mella, Aage"]
[Black "Mansoor, Afras"]
[Result "1-0"]
[WhiteElo "1724"]
[BlackElo "2037"]
[PlyCount "106"]
[EventDate "2017.04.09"]
[EventType "swiss"]
[EventRounds "9"]
[EventCountry "NOR"]
[SourceTitle "CBM 177 Extra"]
[Source "ChessBase"]
[SourceDate "2017.04.27"]
[SourceVersion "1"]
[SourceVersionDate "2017.04.27"]
[SourceQuality "1"]

1. c4 Nf6 2. Nf3 g6 3. g3 Bg7 4. Bg2 0-0 5. 0-0 d6 6. Nc3 e5 7. d3 Nc6 8. a3 a5 9. Rb1 h6 10. Bd2 Be6 11. b4 axb4 12. axb4 Qd7 13. Re1 Bh3 14. Nd5 Nxd5 15. cxd5 Ne7 16. e4 Bxg2 17. Kxg2 f5 18. Qc1 f4 19. h3 g5 20. g4 Bf6 21. Bc3 h5 22. Nh2 Ng6 23. f3 Kf7 24. Qb2 Rh8 25. Ra1 Rab8 26. Rh1 Rh7 27. Rag1 Rbh8 28. Be1 Bd8 29. b5 Be7 30. Bf2 Rh6 31. Rc1 Nf8 32. Qb3 Nh7 33. Qc4 Bd8 34. d4 Kg6 35. dxe5 dxe5 36. gxh5+ Rxh5 37. Ng4 Re8 38. Qc3 Qg7 39. Rhd1 Nf8 40. d6 cxd6 41. Rxd6+ Kh7 42. Rcd1 Be7 43. R6d5 Bf6 44. Bc5 Kg8 45. Rd6 Be7 46. Rb6 Bxc5 47. Qxc5 Nh7 48. Qd5+ Kh8 49. Qxb7 Qxb7 50. Rxb7 Rc8 51. Rbd7 Rc2+ 52. R1d2 Rxd2+ 53. Rxd2 Nf8 1-0

[Event "NOR-ch Seniors-A"]
[Site "Oslo"]
[Date "2015.07.11"]
[Round "9"]
[White "Mella, Aage"]
[Black "Reppen, Tore"]
[Result "1-0"]
[WhiteElo "1703"]
[BlackElo "1466"]
[PlyCount "133"]
[EventDate "2015.07.04"]
[EventType "swiss"]
[EventRounds "9"]
[EventCountry "NOR"]
[SourceTitle "EXT 2017"]
[Source "ChessBase"]
[SourceDate "2016.10.25"]
[SourceVersion "1"]
[SourceVersionDate "2016.10.25"]
[SourceQuality "1"]

1. Nf3 g6 2. c4 Bg7 3. g3 c6 4. Bg2 Nf6 5. 0-0 0-0 6. d4 d6 7. Nbd2 Nbd7 8. Qc2 e5 9. dxe5 Nxe5 10. Nxe5 dxe5 11. e4 Qc7 12. b3 Re8 13. Bb2 Be6 14. Rad1 Rad8 15. Nf3 Bg4 16. Rxd8 Rxd8 17. Nxe5 Bc8 18. Nd3 h5 19. Re1 h4 20. Be5 Qe7 21. c5 hxg3 22. Bxg3 Nh5 23. Bd6 Qg5 24. Kh1 f5 25. f4 Qh4 26. Qf2 Qxf2 27. Nxf2 Be6 28. exf5 Bxf5 29. Nh3 Bf8 30. Rd1 Bxh3 31. Bxh3 Nxf4 32. Bg4 Bxd6 33. cxd6 Kg7 34. Kg1 Kf6 35. h4 Ne6 36. Rf1+ Kg7 37. Bxe6 Rxd6 38. Rf7+ Kh6 39. Bc4 b5 40. Bf1 a6 41. Kg2 Kh5 42. Rh7+ Kg4 43. Be2+ Kf4 44. Kf2 Rf6 45. Bf3 c5 46. Re7 g5 47. Re4+ Kf5 48. h5 Rd6 49. Ke3 a5 50. Bg4+ Kf6 51. h6 Kg6 52. Re6+ Rxe6+ 53. Bxe6 Kxh6 54. Bd7 c4 55. bxc4 bxc4 56. Kd4 Kg6 57. Kxc4 Kf6 58. Kb5 Ke7 59. Bg4 a4 60. a3 Kd6 61. Kxa4 Kc7 62. Kb5 Kb7 63. a4 Ka7 64. a5 Kb7 65. a6+ Ka7 66. Ka5 Kb8 67. Kb6 1-0

[Event "NOR-ch Seniors-A"]
[Site "Lillehammer"]
[Date "2013.06.29"]
[Round "5"]
[White "Mella, Aage"]
[Black "Sollid, Stein"]
[Result "1/2-1/2"]
[WhiteElo "1652"]
[BlackElo "1981"]
[PlyCount "112"]
[EventDate "2013.06.29"]
[EventType "swiss"]
[EventRounds "9"]
[EventCountry "NOR"]
[SourceTitle "EXT 2017"]
[Source "ChessBase"]
[SourceDate "2016.10.25"]
[SourceVersion "1"]
[SourceVersionDate "2016.10.25"]
[SourceQuality "1"]

1. c4 e5 2. Nc3 Nf6 3. g3 c6 4. Nf3 e4 5. Nd4 d5 6. cxd5 cxd5 7. e3 Nc6 8. Bb5 Bd7 9. Nxc6 bxc6 10. Ba4 Bd6 11. d3 Qe7 12. dxe4 Nxe4 13. Nxe4 Qxe4 14. f3 Qe5 15. Kf2 0-0 16. Bc2 Bc5 17. Qd3 g6 18. f4 Qf6 19. Qc3 Qd6 20. b3 d4 21. Qd3 Bf5 22. e4 Bxe4 23. Qxe4 d3+ 24. Kf3 dxc2 25. Bb2 Rfe8 26. Be5 Qd2 27. Qxc6 Rac8 28. Qf6 Qf2+ 29. Kg4 Qe2+ 30. Kh3 Qh5+ 31. Kg2 Qe2+ 32. Kh3 Rxe5 33. Qxe5 Qxe5 34. fxe5 Be3 35. Rac1 Rc3 36. Rhf1 h5 37. Kg2 Kf8 38. Kh3 Bxc1 39. Rxc1 Ke7 40. Kg2 Ke6 41. Kf2 Kxe5 42. Ke2 f5 43. Kd2 Rc7 44. b4 f4 45. gxf4+ Kxf4 46. b5 Kf3 47. Rxc2 Rxc2+ 48. Kxc2 Ke4 49. a4 g5 50. a5 Kd5 51. b6 axb6 52. axb6 Kc6 53. Kd3 g4 54. Ke3 h4 55. Kf4 g3 56. Kf3 gxh2 1/2-1/2

[Event "NOR-ch Seniors-A"]
[Site "Lillehammer"]
[Date "2013.06.29"]
[Round "9"]
[White "Mella, Aage"]
[Black "Strand, Kjetil"]
[Result "0-1"]
[WhiteElo "1652"]
[BlackElo "1913"]
[PlyCount "48"]
[EventDate "2013.06.29"]
[EventType "swiss"]
[EventRounds "9"]
[EventCountry "NOR"]
[SourceTitle "EXT 2017"]
[Source "ChessBase"]
[SourceDate "2016.10.25"]
[SourceVersion "1"]
[SourceVersionDate "2016.10.25"]
[SourceQuality "1"]

1. c4 e5 2. Nc3 Nf6 3. g3 d5 4. cxd5 Nxd5 5. Bg2 Nb6 6. Nf3 Nc6 7. d3 Be7 8. 0-0 Be6 9. h3 0-0 10. a3 a5 11. Be3 Nd5 12. Nxd5 Bxd5 13. Nd2 Bxg2 14. Kxg2 Qd5+ 15. Kg1 a4 16. Rc1 f5 17. Qc2 Rf7 18. Qc4 Qd7 19. Nf3 f4 20. gxf4 Qxh3 21. fxe5 Ra6 22. Bg5 h6 23. Bxe7 Nxe7 24. Nh2 Rg6+ 0-1

[Event "Internet Section 10B g/8'+2\""]
[Site "Dos Hermanas"]
[Date "2004.03.11"]
[Round "2"]
[White "Mella, Aage"]
[Black "Martinez, Jorge"]
[Result "0-1"]
[WhiteElo "2101"]
[BlackElo "2227"]
[PlyCount "110"]
[EventDate "2004.03.10"]
[EventType "swiss (blitz)"]
[EventRounds "9"]
[EventCountry "ESP"]
[SourceTitle "EXT 2005"]
[Source "ChessBase"]
[SourceDate "2004.11.15"]
[SourceVersion "1"]
[SourceVersionDate "2004.11.15"]
[SourceQuality "1"]

1. Nf3 d5 2. d4 Nf6 3. c4 e6 4. e3 Be7 5. Nbd2 0-0 6. Bd3 Nbd7 7. 0-0 b6 8. cxd5 exd5 9. b3 Bb7 10. Bb2 Re8 11. Rc1 a5 12. Qc2 c6 13. Ne5 Rc8 14. Bf5 g6 15. Bh3 Bd6 16. Ndf3 Rc7 17. Nxd7 Nxd7 18. Rfe1 f5 19. g3 Nf6 20. Nd2 Rce7 21. Bg2 Qb8 22. Rcd1 h5 23. Qc1 h4 24. Ba3 hxg3 25. Bxd6 gxf2+ 26. Kxf2 Qxd6 27. Nf3 Ng4+ 28. Kg1 Kg7 29. Ne5 Nxe5 30. dxe5 Qxe5 31. Kf2 Qxh2 32. Rh1 Qe5 33. Rh3 Rh8 34. Rdh1 Rxh3 35. Rxh3 c5 36. Qh1 Qb2+ 37. Kg1 Qc1+ 38. Bf1 Qe1 39. Rh7+ Kf6 40. Rxe7 Kxe7 41. Qh7+ Kf6 42. Qxb7 Qxe3+ 43. Kh1 Qe6 44. Bg2 d4 45. Bd5 Qd6 46. Qf7+ Kg5 47. Kg2 d3 48. Bf3 d2 49. Bd1 Kf4 50. Kf1 Qd3+ 51. Kg1 Qe3+ 52. Kg2 Qg3+ 53. Kf1 Qe1+ 54. Kg2 Qxd1 55. Qc4+ Kg5 0-1

[Event "Internet Section 10B g/8'+2\""]
[Site "Dos Hermanas"]
[Date "2004.03.11"]
[Round "7"]
[White "Willim, Michael"]
[Black "Mella, Aage"]
[Result "0-1"]
[WhiteElo "2121"]
[BlackElo "2101"]
[PlyCount "76"]
[EventDate "2004.03.10"]
[EventType "swiss (blitz)"]
[EventRounds "9"]
[EventCountry "ESP"]
[SourceTitle "EXT 2005"]
[Source "ChessBase"]
[SourceDate "2004.11.15"]
[SourceVersion "1"]
[SourceVersionDate "2004.11.15"]
[SourceQuality "1"]

1. d4 Nf6 2. c4 e6 3. Nc3 Bb4 4. e3 c5 5. Bd3 0-0 6. Nge2 b6 7. 0-0 Bxc3 8. Nxc3 cxd4 9. exd4 d5 10. Bg5 Bb7 11. Qf3 Nc6 12. cxd5 Nxd4 13. Qh3 Nf5 14. Ne4 Bxd5 15. Nxf6+ gxf6 16. Bxf5 exf5 17. Bh6 Kh8 18. Qxf5 Rg8 19. Rad1 Rxg2+ 20. Kh1 Rg5+ 21. Rxd5 Qxd5+ 22. Qxd5 Rxd5 23. Re1 Rh5 24. Bf4 Rf5 25. Bg3 Kg7 26. Re7 a5 27. Rb7 b5 28. Kg2 Rc8 29. Ra7 a4 30. Kh3 Rc2 31. b3 Rxa2 32. bxa4 Rxa4 33. Rb7 b4 34. Kg4 Rd5 35. Bh4 h5+ 36. Kg3 Rd3+ 37. Kg2 b3 38. Bg3 Ra2 0-1